[Event "Russian Blitz Team Championship (m)"]
[Site "Sochi"]
[Date "2022.10.17"]
[Round "10.2"]
[White "Tomashevsky, Evgeny"]
[Black "Lesovoi, Evgenij"]
[Result "1-0"]
[BlackElo "2339"]
[WhiteElo "2695"]
[LiveChessVersion "1.4.8"]

1. c4 {[%clk 0:03:02]} Nf6 {[%clk 0:03:02]} 2. Nf3 {[%clk 0:03:03]} e6
{[%clk 0:03:03]} 3. g3 {[%clk 0:03:04]} b6 {[%clk 0:03:00]} 4. Bg2
{[%clk 0:03:04]} Bb7 {[%clk 0:03:01]} 5. O-O {[%clk 0:03:04]} Be7
{[%clk 0:02:59]} 6. Nc3 {[%clk 0:03:01]} c5 {[%clk 0:02:57]} 7. d4
{[%clk 0:03:01]} cxd4 {[%clk 0:02:57]} 8. Qxd4 {[%clk 0:03:01]} d6
{[%clk 0:02:52]} 9. Bg5 {[%clk 0:03:01]} a6 {[%clk 0:02:38]} 10. Bxf6
{[%clk 0:02:52]} Bxf6 {[%clk 0:02:39]} 11. Qf4 {[%clk 0:02:52]} O-O
{[%clk 0:02:19]} 12. Rfd1 {[%clk 0:02:51]} Be7 {[%clk 0:02:09]} 13. Ne4
{[%clk 0:02:50]} Bxe4 {[%clk 0:02:05]} 14. Qxe4 {[%clk 0:02:51]} Ra7
{[%clk 0:02:04]} 15. Nd4 {[%clk 0:02:51]} Rc7 {[%clk 0:01:46]} 16. b3
{[%clk 0:02:49]} Bf6 {[%clk 0:01:43]} 17. Rd2 {[%clk 0:02:33]} Qc8
{[%clk 0:01:11]} 18. Rad1 {[%clk 0:02:31]} h6 {[%clk 0:01:07]} 19. e3
{[%clk 0:02:31]} Rc5 {[%clk 0:01:01]} 20. h4 {[%clk 0:02:29]} b5 {[%clk 0:00:54]}
21. Bf1 {[%clk 0:02:16]} bxc4 {[%clk 0:00:50]} 22. bxc4 {[%clk 0:02:18]} Nd7
{[%clk 0:00:44]} 23. Nb3 {[%clk 0:02:18]} Re5 {[%clk 0:00:44]} 24. Qf3
{[%clk 0:02:06]} Be7 {[%clk 0:00:43]} 25. Nd4 {[%clk 0:02:03]} Rc5
{[%clk 0:00:41]} 26. Rb1 {[%clk 0:01:57]} Rc7 {[%clk 0:00:35]} 27. Qe2
{[%clk 0:01:24]} Ne5 {[%clk 0:00:32]} 28. Rc2 {[%clk 0:01:25]} Nc6
{[%clk 0:00:30]} 29. Bg2 {[%clk 0:01:20]} Nxd4 {[%clk 0:00:28]} 30. exd4
{[%clk 0:01:21]} Bf6 {[%clk 0:00:29]} 31. d5 {[%clk 0:01:20]} exd5
{[%clk 0:00:21]} 32. Bxd5 {[%clk 0:01:21]} Re7 {[%clk 0:00:20]} 33. Qd3
{[%clk 0:01:16]} Qc5 {[%clk 0:00:20]} 34. Kg2 {[%clk 0:01:11]} Rfe8
{[%clk 0:00:16]} 35. Qf3 {[%clk 0:01:04]} Be5 {[%clk 0:00:07]} 36. Re1
{[%clk 0:01:03]} Bf6 {[%clk 0:00:05]} 37. Rxe7 {[%clk 0:00:55]} Rxe7
{[%clk 0:00:06]} 38. Re2 {[%clk 0:00:55]} Qc7 {[%clk 0:00:04]} 39. h5
{[%clk 0:00:52]} Rxe2 {[%clk 0:00:03]} 40. Qxe2 {[%clk 0:00:54]} Qe7
{[%clk 0:00:04]} 41. Qg4 {[%clk 0:00:54]} Be5 {[%clk 0:00:04]} 42. Qc8+
{[%clk 0:00:55]} Kh7 {[%clk 0:00:06]} 43. Qxa6 {[%clk 0:00:54]} Qf6
{[%clk 0:00:07]} 44. Qb7 {[%clk 0:00:49]} Kg8 {[%clk 0:00:05]} 45. Qc8+
{[%clk 0:00:46]} Kh7 {[%clk 0:00:06]} 46. Be4+ {[%clk 0:00:47]} g6
{[%clk 0:00:08]} 47. Qd7 {[%clk 0:00:46]} Kg8 {[%clk 0:00:07]} 48. hxg6
{[%clk 0:00:43]} fxg6 {[%clk 0:00:08]} 49. a4 {[%clk 0:00:44]} Bd4
{[%clk 0:00:07]} 50. Bf3 {[%clk 0:00:44]} h5 {[%clk 0:00:06]} 51. a5
{[%clk 0:00:39]} Bc5 {[%clk 0:00:07]} 52. Bd5+ {[%clk 0:00:32]} Kf8 53. f4
{[%clk 0:00:33]} h4 {[%clk 0:00:04]} 54. a6 {[%clk 0:00:30]} hxg3
{[%clk 0:00:04]} 55. Kxg3 {[%clk 0:00:31]} Qc3+ {[%clk 0:00:04]} 56. Kg4
{[%clk 0:00:32]} Qf6 {[%clk 0:00:04]} 57. Qc8+ {[%clk 0:00:21]} Ke7
{[%clk 0:00:04]} 58. Bc6 {[%clk 0:00:20]} Qd4 {[%clk 0:00:03]} 59. Qe8+
{[%clk 0:00:18]} Kf6 {[%clk 0:00:05]} 60. Qf8+ {[%clk 0:00:18]} Ke6
{[%clk 0:00:06]} 61. Bd5+ {[%clk 0:00:13]} Kd7 {[%clk 0:00:08]} 62. Qf7+
{[%clk 0:00:14]} Kd8 {[%clk 0:00:09]} 63. Qxg6 {[%clk 0:00:13]} Qg1+
{[%clk 0:00:09]} 64. Kf5 {[%clk 0:00:13]} Qb1+ {[%clk 0:00:07]} 65. Be4
{[%clk 0:00:14]} Qa1 {[%clk 0:00:04]} 66. Qf6+ {[%clk 0:00:15]} Kc7
{[%clk 0:00:05]} 67. Qxa1 {[%clk 0:00:15]} 1-0

[Event "Russian Blitz Team Championship (m)"]
[Site "Sochi"]
[Date "2022.10.17"]
[Round "10.3"]
[White "Palchun, Grigory"]
[Black "Drygalov, Andrey"]
[Result "0-1"]
[BlackElo "2498"]
[WhiteElo "2216"]
[LiveChessVersion "1.4.8"]

1. d4 {[%clk 0:03:03]} Nf6 {[%clk 0:03:03]} 2. Bf4 {[%clk 0:03:04]} g6
{[%clk 0:03:03]} 3. e3 {[%clk 0:03:05]} Bg7 {[%clk 0:03:05]} 4. Nf3
{[%clk 0:03:06]} O-O {[%clk 0:03:05]} 5. Be2 {[%clk 0:03:08]} d6 {[%clk 0:03:07]}
6. h3 {[%clk 0:03:09]} Nc6 {[%clk 0:03:08]} 7. O-O {[%clk 0:03:07]} e5
{[%clk 0:03:09]} 8. Bh2 {[%clk 0:02:50]} Qe7 {[%clk 0:03:10]} 9. c4
{[%clk 0:02:41]} Ne4 {[%clk 0:02:28]} 10. Re1 {[%clk 0:01:52]} f5
{[%clk 0:02:26]} 11. d5 {[%clk 0:01:19]} Nd8 {[%clk 0:02:23]} 12. Qc2
{[%clk 0:01:16]} Nf7 {[%clk 0:02:18]} 13. Nc3 {[%clk 0:01:13]} Nxc3
{[%clk 0:02:18]} 14. Qxc3 {[%clk 0:01:13]} g5 {[%clk 0:02:09]} 15. Nd2
{[%clk 0:00:59]} e4 {[%clk 0:02:06]} 16. Qc2 {[%clk 0:01:00]} Ne5
{[%clk 0:02:06]} 17. f3 {[%clk 0:00:53]} exf3 {[%clk 0:02:00]} 18. Nxf3
{[%clk 0:00:47]} Bd7 {[%clk 0:01:52]} 19. Nd4 {[%clk 0:00:38]} Ng4
{[%clk 0:01:32]} 20. Bxg4 {[%clk 0:00:21]} fxg4 {[%clk 0:01:34]} 21. hxg4
{[%clk 0:00:21]} Bxg4 {[%clk 0:01:35]} 22. Qd3 {[%clk 0:00:14]} Rae8
{[%clk 0:01:35]} 23. e4 Qf6 24. e5 0-1

[Event "Russian Blitz Team Championship (m)"]
[Site "Sochi"]
[Date "2022.10.17"]
[Round "10.4"]
[White "Khegay, Dmitriy"]
[Black "Babanin, Gleb"]
[Result "1-0"]
[BlackElo "2346"]
[WhiteElo "2457"]
[LiveChessVersion "1.4.8"]

1. d4 {[%clk 0:03:03]} d5 {[%clk 0:03:03]} 2. Bf4 {[%clk 0:03:04]} c5
{[%clk 0:03:04]} 3. e3 {[%clk 0:03:05]} Nc6 {[%clk 0:03:04]} 4. Nf3
{[%clk 0:03:06]} Nf6 {[%clk 0:03:04]} 5. Nbd2 {[%clk 0:03:07]} e6
{[%clk 0:03:05]} 6. c3 {[%clk 0:03:08]} cxd4 {[%clk 0:03:05]} 7. exd4
{[%clk 0:03:09]} Nh5 {[%clk 0:03:06]} 8. Be3 {[%clk 0:02:52]} Bd6
{[%clk 0:03:06]} 9. Bd3 {[%clk 0:02:51]} Nf4 {[%clk 0:03:07]} 10. Bxf4
{[%clk 0:02:52]} Bxf4 {[%clk 0:03:08]} 11. O-O {[%clk 0:02:52]} O-O
{[%clk 0:03:07]} 12. Re1 {[%clk 0:02:52]} Bd6 {[%clk 0:02:56]} 13. Nf1
{[%clk 0:02:40]} Qc7 {[%clk 0:02:44]} 14. Ne3 {[%clk 0:02:24]} Ne7
{[%clk 0:02:24]} 15. h4 {[%clk 0:02:23]} h6 {[%clk 0:02:09]} 16. Rc1
{[%clk 0:02:23]} Bd7 {[%clk 0:02:04]} 17. Bb1 {[%clk 0:02:21]} b5
{[%clk 0:01:32]} 18. Ng4 {[%clk 0:02:05]} f6 {[%clk 0:01:23]} 19. Qd3
{[%clk 0:01:58]} Nf5 {[%clk 0:01:15]} 20. Ne3 {[%clk 0:01:58]} h5
{[%clk 0:00:42]} 21. Bc2 {[%clk 0:01:44]} g6 {[%clk 0:00:37]} 22. Re2
{[%clk 0:01:35]} Bf4 {[%clk 0:00:30]} 23. Nxf5 {[%clk 0:01:31]} gxf5
{[%clk 0:00:21]} 24. Rce1 {[%clk 0:01:32]} Kf7 {[%clk 0:00:20]} 25. Nd2
{[%clk 0:01:25]} Rg8 {[%clk 0:00:16]} 26. Qf3 {[%clk 0:01:26]} Rg4
{[%clk 0:00:14]} 27. Bxf5 {[%clk 0:01:15]} exf5 {[%clk 0:00:15]} 28. Qxd5+
{[%clk 0:01:13]} Kg6 {[%clk 0:00:08]} 29. Qxa8 {[%clk 0:01:05]} Bc6
{[%clk 0:00:09]} 30. Qg8+ {[%clk 0:01:00]} Kh6 {[%clk 0:00:11]} 31. Qh8+
{[%clk 0:00:49]} Kg6 {[%clk 0:00:12]} 32. f3 {[%clk 0:00:40]} Bh2+
{[%clk 0:00:05]} 33. Kf1 {[%clk 0:00:38]} 1-0

[Event "Russian Blitz Team Championship (m)"]
[Site "Sochi"]
[Date "2022.10.17"]
[Round "10.5"]
[White "Afanasiev, Nikita"]
[Black "Savitskiy, Sergey"]
[Result "1-0"]
[BlackElo "2363"]
[WhiteElo "2541"]
[LiveChessVersion "1.4.8"]

1. Nf3 {[%clk 0:03:02]} Nf6 {[%clk 0:03:03]} 2. c4 {[%clk 0:03:03]} g6
{[%clk 0:03:02]} 3. Nc3 {[%clk 0:03:03]} Bg7 {[%clk 0:03:04]} 4. e4
{[%clk 0:03:04]} d6 {[%clk 0:03:05]} 5. d4 {[%clk 0:03:05]} O-O {[%clk 0:03:06]}
6. Be2 {[%clk 0:03:05]} e5 {[%clk 0:03:07]} 7. O-O {[%clk 0:03:06]} Na6
{[%clk 0:03:08]} 8. Be3 {[%clk 0:03:02]} Ng4 {[%clk 0:03:09]} 9. Bg5
{[%clk 0:03:02]} Qe8 {[%clk 0:03:11]} 10. d5 {[%clk 0:02:53]} f5 {[%clk 0:03:04]}
11. Nd2 {[%clk 0:02:35]} Nf6 {[%clk 0:03:03]} 12. f3 {[%clk 0:02:35]} c5
{[%clk 0:02:22]} 13. dxc6 {[%clk 0:02:24]} bxc6 {[%clk 0:02:21]} 14. Nb3
{[%clk 0:02:25]} Qe7 {[%clk 0:02:13]} 15. Qd2 {[%clk 0:02:25]} Be6
{[%clk 0:01:50]} 16. Rad1 {[%clk 0:02:25]} Rad8 {[%clk 0:01:45]} 17. Bh6
{[%clk 0:02:21]} f4 {[%clk 0:01:36]} 18. Bxg7 Kxg7 {[%clk 0:01:37]} 19. g4
{[%clk 0:02:05]} h5 {[%clk 0:01:21]} 20. h3 {[%clk 0:02:05]} Nh7 {[%clk 0:01:14]}
21. Kg2 {[%clk 0:02:03]} Qh4 {[%clk 0:01:11]} 22. Qe1 {[%clk 0:02:03]} Qxe1
{[%clk 0:01:03]} 23. Rfxe1 {[%clk 0:02:04]} Kf6 {[%clk 0:00:59]} 24. Na5
{[%clk 0:02:02]} hxg4 {[%clk 0:00:31]} 25. hxg4 {[%clk 0:02:03]} Ng5
{[%clk 0:00:31]} 26. Nxc6 Rd7 27. Rh1 {[%clk 0:01:52]} Rc8 {[%clk 0:00:24]} 28.
Nd5+ {[%clk 0:01:53]} Kg7 {[%clk 0:00:17]} 29. Na5 {[%clk 0:01:53]} Bg8
{[%clk 0:00:14]} 30. a3 {[%clk 0:01:50]} Nc5 {[%clk 0:00:15]} 31. b4
{[%clk 0:01:48]} Nce6 {[%clk 0:00:17]} 32. Nb3 {[%clk 0:01:43]} Rb8
{[%clk 0:00:13]} 33. Rd2 {[%clk 0:01:41]} Nc7 {[%clk 0:00:06]} 34. Nxc7
{[%clk 0:01:36]} Rxc7 {[%clk 0:00:07]} 35. Na5 {[%clk 0:01:36]} Rb6
{[%clk 0:00:05]} 36. Rhd1 {[%clk 0:01:36]} Ne6 {[%clk 0:00:05]} 37. Rxd6
{[%clk 0:01:36]} Nd4 {[%clk 0:00:06]} 38. R6xd4 {[%clk 0:01:25]} exd4
{[%clk 0:00:07]} 39. c5 {[%clk 0:01:23]} Rf6 {[%clk 0:00:07]} 40. Rxd4
{[%clk 0:01:23]} g5 {[%clk 0:00:08]} 41. Kf2 {[%clk 0:01:21]} Rh6
{[%clk 0:00:09]} 42. Kg2 {[%clk 0:01:20]} Be6 {[%clk 0:00:06]} 43. c6
{[%clk 0:01:18]} Kf6 {[%clk 0:00:06]} 44. b5 {[%clk 0:01:16]} Rch7
{[%clk 0:00:07]} 45. Kf2 {[%clk 0:01:13]} Rh1 {[%clk 0:00:08]} 46. Bf1
{[%clk 0:01:14]} R7h2+ {[%clk 0:00:08]} 47. Bg2 {[%clk 0:01:16]} Rc1
{[%clk 0:00:08]} 48. Rd2 {[%clk 0:01:12]} Rc3 {[%clk 0:00:06]} 49. Kg1
{[%clk 0:01:12]} Rh7 {[%clk 0:00:07]} 50. a4 {[%clk 0:01:11]} Ke5
{[%clk 0:00:08]} 51. Nb7 {[%clk 0:01:10]} Rc1+ {[%clk 0:00:09]} 52. Kf2
{[%clk 0:01:10]} a6 {[%clk 0:00:09]} 53. Rb2 {[%clk 0:01:00]} axb5
{[%clk 0:00:10]} 54. axb5 {[%clk 0:01:01]} Bc4 {[%clk 0:00:11]} 55. Na5
{[%clk 0:01:00]} Bd3 {[%clk 0:00:12]} 56. Nb3 {[%clk 0:00:54]} Rd1
{[%clk 0:00:09]} 57. b6 {[%clk 0:00:52]} Rh2 {[%clk 0:00:10]} 58. Nd2
{[%clk 0:00:52]} Ba6 {[%clk 0:00:05]} 59. b7 {[%clk 0:00:52]} Kd5 1-0

[Event "Russian Blitz Team Championship (m)"]
[Site "Sochi"]
[Date "2022.10.17"]
[Round "10.6"]
[White "Iljin, Timofey"]
[Black "Tsydypov, Zhamsaran"]
[Result "1/2-1/2"]
[BlackElo "2598"]
[WhiteElo "2404"]
[LiveChessVersion "1.4.8"]

1. d4 {[%clk 0:03:03]} Nf6 {[%clk 0:03:01]} 2. c4 {[%clk 0:03:04]} e6
{[%clk 0:03:02]} 3. Nc3 {[%clk 0:03:05]} Bb4 {[%clk 0:03:02]} 4. e3
{[%clk 0:03:07]} O-O {[%clk 0:03:02]} 5. a3 {[%clk 0:03:08]} Bxc3+
{[%clk 0:03:02]} 6. bxc3 {[%clk 0:03:09]} d5 {[%clk 0:02:58]} 7. cxd5
{[%clk 0:03:10]} exd5 {[%clk 0:02:59]} 8. Bd3 {[%clk 0:03:11]} b6
{[%clk 0:03:01]} 9. Ne2 {[%clk 0:03:10]} c5 {[%clk 0:03:02]} 10. O-O
{[%clk 0:03:10]} Ba6 {[%clk 0:03:03]} 11. f3 {[%clk 0:03:10]} Qc8
{[%clk 0:03:00]} 12. e4 {[%clk 0:03:01]} Bxd3 {[%clk 0:02:57]} 13. Qxd3
{[%clk 0:03:02]} Qa6 {[%clk 0:02:58]} 14. Qe3 {[%clk 0:02:55]} Nc6
{[%clk 0:02:57]} 15. Ng3 {[%clk 0:02:18]} Rfe8 {[%clk 0:02:46]} 16. e5
{[%clk 0:02:15]} Qc4 {[%clk 0:02:11]} 17. Nf5 {[%clk 0:02:09]} Re6
{[%clk 0:02:13]} 18. Nxg7 {[%clk 0:01:28]} Kxg7 {[%clk 0:02:10]} 19. Qh6+
{[%clk 0:01:15]} Kh8 {[%clk 0:02:10]} 20. exf6 {[%clk 0:01:11]} Rg8
{[%clk 0:02:11]} 21. Bg5 {[%clk 0:01:02]} Qxc3 {[%clk 0:02:01]} 22. dxc5
{[%clk 0:01:01]} bxc5 {[%clk 0:01:49]} 23. Rab1 {[%clk 0:00:43]} Re2
{[%clk 0:00:59]} 24. Rfc1 {[%clk 0:00:16]} Qe5 {[%clk 0:00:54]} 25. f4
{[%clk 0:00:03]} Qe4 {[%clk 0:00:53]} 26. Qh3 {[%clk 0:00:04]} Nd4
{[%clk 0:00:52]} 27. Rf1 {[%clk 0:00:04]} Ne6 {[%clk 0:00:33]} 28. Qg3
{[%clk 0:00:04]} c4 {[%clk 0:00:21]} 29. Rbe1 {[%clk 0:00:06]} d4
{[%clk 0:00:21]} 30. Rxe2 {[%clk 0:00:06]} Qxe2 {[%clk 0:00:22]} 31. Re1
{[%clk 0:00:08]} Qh5 {[%clk 0:00:19]} 32. Qf2 {[%clk 0:00:05]} Nxg5
{[%clk 0:00:17]} 33. fxg5 {[%clk 0:00:05]} Qxg5 {[%clk 0:00:18]} 34. g3
{[%clk 0:00:05]} d3 {[%clk 0:00:19]} 35. Qd4 {[%clk 0:00:06]} Qg4
{[%clk 0:00:15]} 36. Qd7 {[%clk 0:00:04]} Qxd7 {[%clk 0:00:15]} 37. Re7
{[%clk 0:00:04]} Qxe7 {[%clk 0:00:16]} 38. fxe7 Re8 1/2-1/2

[Event "Russian Blitz Team Championship (m)"]
[Site "Sochi"]
[Date "2022.10.17"]
[Round "10.7"]
[White "Moiseenko, Vadim"]
[Black "Rozhkov, Viacheslav"]
[Result "1-0"]
[BlackElo "2258"]
[WhiteElo "2492"]
[LiveChessVersion "1.4.8"]

1. Nf3 {[%clk 0:03:03]} d5 {[%clk 0:03:04]} 2. c4 {[%clk 0:03:04]} e6
{[%clk 0:03:04]} 3. g3 {[%clk 0:03:05]} Nf6 {[%clk 0:03:04]} 4. Bg2
{[%clk 0:03:06]} Be7 {[%clk 0:03:03]} 5. O-O {[%clk 0:03:06]} O-O
{[%clk 0:03:04]} 6. b3 {[%clk 0:03:05]} Ne4 {[%clk 0:03:04]} 7. Bb2
{[%clk 0:03:00]} Bf6 {[%clk 0:03:04]} 8. d4 {[%clk 0:02:58]} c5 {[%clk 0:03:00]}
9. cxd5 {[%clk 0:02:45]} exd5 {[%clk 0:03:00]} 10. Qc1 {[%clk 0:02:43]} cxd4
{[%clk 0:02:45]} 11. Bxd4 {[%clk 0:02:44]} Nc6 {[%clk 0:02:42]} 12. Bxf6
{[%clk 0:02:04]} Qxf6 {[%clk 0:02:43]} 13. Nbd2 {[%clk 0:02:04]} Be6
{[%clk 0:02:25]} 14. Nxe4 {[%clk 0:01:47]} dxe4 {[%clk 0:02:26]} 15. Ng5
{[%clk 0:01:48]} Nd4 {[%clk 0:02:03]} 16. Nxe4 {[%clk 0:01:16]} Nxe2+
{[%clk 0:02:03]} 17. Kh1 {[%clk 0:01:17]} Qe5 {[%clk 0:01:37]} 18. Qc5
{[%clk 0:01:07]} Qb2 {[%clk 0:01:09]} 19. Rfb1 {[%clk 0:01:05]} Qd4
{[%clk 0:00:51]} 20. Qc2 {[%clk 0:01:02]} Bd5 {[%clk 0:00:10]} 21. Qxe2
{[%clk 0:00:49]} Rfe8 {[%clk 0:00:11]} 22. Re1 {[%clk 0:00:20]} f5
{[%clk 0:00:09]} 23. Rad1 {[%clk 0:00:21]} Qe5 {[%clk 0:00:08]} 24. Rxd5 1-0

[Event "Russian Blitz Team Championship (m)"]
[Site "Sochi"]
[Date "2022.10.17"]
[Round "10.8"]
[White "Alekseenko, Mariya"]
[Black "Rozum, Ivan"]
[Result "0-1"]
[BlackElo "2428"]
[WhiteElo "1819"]
[LiveChessVersion "1.4.8"]

1. Nf3 {[%clk 0:03:03]} Nf6 {[%clk 0:03:03]} 2. g3 {[%clk 0:03:05]} b6
{[%clk 0:03:02]} 3. Bg2 {[%clk 0:03:06]} Bb7 {[%clk 0:03:03]} 4. O-O
{[%clk 0:03:06]} e6 {[%clk 0:03:03]} 5. c4 {[%clk 0:03:07]} c5 {[%clk 0:03:04]}
6. b3 {[%clk 0:03:05]} Be7 {[%clk 0:03:04]} 7. Bb2 {[%clk 0:03:06]} O-O
{[%clk 0:03:04]} 8. d3 {[%clk 0:03:03]} d6 {[%clk 0:03:04]} 9. e4
{[%clk 0:03:03]} Nc6 {[%clk 0:02:59]} 10. Nbd2 {[%clk 0:03:02]} Nd7
{[%clk 0:02:58]} 11. h4 {[%clk 0:02:59]} Bf6 {[%clk 0:02:57]} 12. Bxf6
{[%clk 0:02:41]} Qxf6 {[%clk 0:02:58]} 13. Nh2 {[%clk 0:02:23]} Qe7
{[%clk 0:02:56]} 14. f4 {[%clk 0:02:22]} Nd4 {[%clk 0:02:46]} 15. Ndf3
{[%clk 0:02:18]} Nxf3+ {[%clk 0:02:40]} 16. Nxf3 {[%clk 0:02:18]} d5
{[%clk 0:02:32]} 17. Qc2 {[%clk 0:02:19]} dxe4 {[%clk 0:02:28]} 18. dxe4
{[%clk 0:02:20]} Rad8 {[%clk 0:02:28]} 19. Rad1 {[%clk 0:02:20]} Nf6
{[%clk 0:02:08]} 20. Ne5 {[%clk 0:02:17]} Rxd1 {[%clk 0:02:06]} 21. Rxd1
{[%clk 0:02:18]} Rd8 {[%clk 0:02:07]} 22. Rd3 {[%clk 0:01:33]} Rd4
{[%clk 0:01:43]} 23. Rxd4 {[%clk 0:01:17]} cxd4 {[%clk 0:01:44]} 24. Qd3
{[%clk 0:01:18]} Qc5 {[%clk 0:01:40]} 25. g4 {[%clk 0:01:04]} Qd6
{[%clk 0:01:05]} 26. a3 {[%clk 0:00:40]} a5 {[%clk 0:00:44]} 27. Kf2
{[%clk 0:00:32]} g6 {[%clk 0:00:42]} 28. b4 {[%clk 0:00:30]} axb4
{[%clk 0:00:41]} 29. axb4 {[%clk 0:00:32]} h5 {[%clk 0:00:30]} 30. g5
{[%clk 0:00:16]} Ng4+ {[%clk 0:00:31]} 31. Nxg4 {[%clk 0:00:17]} Qxf4+
{[%clk 0:00:32]} 32. Qf3 {[%clk 0:00:18]} Qxg4 33. Qxg4 {[%clk 0:00:17]} hxg4
{[%clk 0:00:29]} 34. Ke2 {[%clk 0:00:12]} e5 {[%clk 0:00:27]} 35. Kd3
{[%clk 0:00:05]} Kf8 {[%clk 0:00:27]} 36. Kd2 {[%clk 0:00:03]} Ke7
{[%clk 0:00:28]} 37. Kc2 {[%clk 0:00:04]} f5 {[%clk 0:00:21]} 38. gxf6+
{[%clk 0:00:04]} Kxf6 {[%clk 0:00:22]} 39. Kd3 {[%clk 0:00:03]} Ba6
{[%clk 0:00:22]} 40. Bf1 {[%clk 0:00:04]} Kg7 {[%clk 0:00:22]} 41. Be2
{[%clk 0:00:05]} g3 {[%clk 0:00:23]} 42. Bf3 {[%clk 0:00:06]} Kh6
{[%clk 0:00:23]} 43. b5 {[%clk 0:00:05]} Bc8 {[%clk 0:00:24]} 44. c5
{[%clk 0:00:05]} bxc5 {[%clk 0:00:25]} 45. Kc4 {[%clk 0:00:06]} Be6+
{[%clk 0:00:16]} 46. Kxc5 {[%clk 0:00:06]} d3 {[%clk 0:00:17]} 47. Kd6
{[%clk 0:00:07]} Bc4 {[%clk 0:00:15]} 48. Kxe5 {[%clk 0:00:05]} d2
{[%clk 0:00:16]} 49. Kd4 0-1

[Event "Russian Blitz Team Championship (m)"]
[Site "Sochi"]
[Date "2022.10.17"]
[Round "10.9"]
[White "Vastrukhin, Oleg"]
[Black "Artemiev, Vladislav"]
[Result "0-1"]
[BlackElo "2832"]
[WhiteElo "2345"]
[LiveChessVersion "1.4.8"]

1. Nf3 {[%clk 0:03:02]} d5 {[%clk 0:03:03]} 2. g3 {[%clk 0:03:02]} g6
{[%clk 0:03:03]} 3. Bg2 {[%clk 0:03:03]} Bg7 {[%clk 0:03:04]} 4. c4
{[%clk 0:03:04]} c6 {[%clk 0:02:57]} 5. cxd5 {[%clk 0:03:05]} cxd5
{[%clk 0:02:58]} 6. d4 {[%clk 0:03:05]} Nf6 {[%clk 0:02:56]} 7. Nc3
{[%clk 0:03:06]} O-O {[%clk 0:02:56]} 8. O-O {[%clk 0:03:06]} e6 {[%clk 0:02:56]}
9. Bf4 {[%clk 0:03:05]} Nc6 {[%clk 0:02:55]} 10. Ne5 {[%clk 0:03:04]} Bd7
{[%clk 0:02:56]} 11. Nxc6 {[%clk 0:02:59]} Bxc6 {[%clk 0:02:57]} 12. Be5
{[%clk 0:03:00]} Ne8 {[%clk 0:02:38]} 13. Bxg7 {[%clk 0:02:56]} Kxg7
{[%clk 0:02:39]} 14. e3 {[%clk 0:02:52]} Nd6 {[%clk 0:02:38]} 15. Rc1
{[%clk 0:02:36]} Qa5 {[%clk 0:02:24]} 16. b3 {[%clk 0:02:12]} Rac8
{[%clk 0:02:25]} 17. Qd2 {[%clk 0:02:10]} Bb5 {[%clk 0:01:44]} 18. Rfd1
{[%clk 0:01:40]} Rc7 {[%clk 0:01:44]} 19. Nb1 {[%clk 0:00:54]} Qxd2
{[%clk 0:01:43]} 20. Nxd2 {[%clk 0:00:55]} Rfc8 {[%clk 0:01:44]} 21. Rxc7
{[%clk 0:00:53]} Rxc7 {[%clk 0:01:45]} 22. a4 {[%clk 0:00:52]} Be2
{[%clk 0:01:36]} 23. Re1 {[%clk 0:00:53]} Bd3 {[%clk 0:01:37]} 24. Bf1
{[%clk 0:00:37]} Bf5 {[%clk 0:01:36]} 25. f3 {[%clk 0:00:33]} Rc2
{[%clk 0:01:35]} 26. Rd1 {[%clk 0:00:30]} Rb2 {[%clk 0:01:35]} 27. e4
{[%clk 0:00:20]} dxe4 {[%clk 0:01:36]} 28. fxe4 {[%clk 0:00:03]} Bg4
{[%clk 0:01:32]} 0-1

[Event "Russian Blitz Team Championship (m)"]
[Site "Sochi"]
[Date "2022.10.17"]
[Round "10.10"]
[White "Sjugirov, Sanan"]
[Black "Smirnov, Pavel"]
[Result "0-1"]
[BlackElo "2467"]
[WhiteElo "2609"]
[LiveChessVersion "1.4.8"]

1. e4 {[%clk 0:03:02]} c5 {[%clk 0:02:59]} 2. Nf3 {[%clk 0:02:58]} Nc6
{[%clk 0:02:51]} 3. Bb5 {[%clk 0:02:58]} g6 {[%clk 0:02:53]} 4. Bxc6
{[%clk 0:02:56]} bxc6 {[%clk 0:02:53]} 5. O-O {[%clk 0:02:55]} Bg7
{[%clk 0:02:54]} 6. Re1 {[%clk 0:02:50]} Nh6 {[%clk 0:02:54]} 7. c3
{[%clk 0:02:31]} O-O {[%clk 0:02:53]} 8. h3 {[%clk 0:02:26]} f5 {[%clk 0:02:54]}
9. d3 {[%clk 0:02:20]} Nf7 {[%clk 0:02:48]} 10. e5 {[%clk 0:02:00]} Rb8
{[%clk 0:02:49]} 11. Na3 {[%clk 0:01:57]} Ba6 {[%clk 0:02:32]} 12. c4
{[%clk 0:01:37]} Qc7 {[%clk 0:01:58]} 13. Qa4 {[%clk 0:01:30]} Bc8
{[%clk 0:01:52]} 14. Be3 {[%clk 0:00:20]} Nxe5 {[%clk 0:01:52]} 15. Nxe5
{[%clk 0:00:22]} Bxe5 {[%clk 0:01:38]} 16. Bxc5 {[%clk 0:00:23]} d6
{[%clk 0:01:25]} 17. Rxe5 {[%clk 0:00:18]} dxe5 {[%clk 0:01:25]} 18. b4
{[%clk 0:00:13]} Rd8 {[%clk 0:01:20]} 19. Qc2 {[%clk 0:00:12]} f4
{[%clk 0:01:19]} 20. f3 {[%clk 0:00:03]} Bf5 {[%clk 0:01:19]} 21. Rd1
{[%clk 0:00:05]} Rd7 {[%clk 0:01:16]} 22. Qc3 {[%clk 0:00:03]} Rbd8
{[%clk 0:01:14]} 23. d4 {[%clk 0:00:03]} exd4 {[%clk 0:01:09]} 24. Qd2
{[%clk 0:00:05]} e5 {[%clk 0:01:07]} 25. Nc2 {[%clk 0:00:06]} d3 {[%clk 0:01:01]}
26. Ne1 {[%clk 0:00:07]} e4 {[%clk 0:01:02]} 27. fxe4 {[%clk 0:00:09]} Bxe4
{[%clk 0:01:03]} 28. Bf2 {[%clk 0:00:06]} Re8 {[%clk 0:00:59]} 29. b5
{[%clk 0:00:05]} f3 {[%clk 0:00:44]} 30. g3 {[%clk 0:00:05]} Bf5 {[%clk 0:00:33]}
31. Nxf3 {[%clk 0:00:05]} Re2 {[%clk 0:00:33]} 32. Qh6 {[%clk 0:00:03]} cxb5
{[%clk 0:00:24]} 33. cxb5 {[%clk 0:00:04]} d2 {[%clk 0:00:23]} 34. Nxd2
{[%clk 0:00:03]} Qc2 {[%clk 0:00:21]} 35. Re1 0-1